Intercorrelated satellite observations related to solar evenets (Record no. 3649)

MARC details
000 -LEADER
fixed length control field 00539nam a2200193Ia 4500
003 - CONTROL NUMBER IDENTIFIER
control field IN-BaIIA
005 - DATE AND TIME OF LATEST TRANSACTION
control field 20250707111419.0
008 - FIXED-LENGTH DATA ELEMENTS--GENERAL INFORMATION
fixed length control field 211028s9999 xx 000 0 eng d
040 ## - CATALOGING SOURCE
Transcribing agency IIA Library
080 ## - UNIVERSAL DECIMAL CLASSIFICATION NUMBER
Universal Decimal Classification number 629.19
Item number MAN
100 ## - MAIN ENTRY--PERSONAL NAME
Personal name Manno, V
9 (RLIN) 6466
245 #0 - TITLE STATEMENT
Title Intercorrelated satellite observations related to solar evenets
Statement of responsibility, etc. V. Manno and D. E. Page
260 ## - PUBLICATION, DISTRIBUTION, ETC.
Place of publication, distribution, etc. Dordrecht
Name of publisher, distributor, etc. Rediel Publishers
Date of publication, distribution, etc. 1970
300 ## - PHYSICAL DESCRIPTION
Extent 627p.
650 ## - SUBJECT ADDED ENTRY--TOPICAL TERM
Topical term or geographic name entry element Satelite
9 (RLIN) 6467
650 ## - SUBJECT ADDED ENTRY--TOPICAL TERM
Topical term or geographic name entry element Solar
9 (RLIN) 910
700 ## - ADDED ENTRY--PERSONAL NAME
Personal name Page, D. E .
9 (RLIN) 6468
942 ## - ADDED ENTRY ELEMENTS (KOHA)
Koha item type Books
Source of classification or shelving scheme Dewey Decimal Classification
Holdings
Withdrawn status Lost status Source of classification or shelving scheme Damaged status Not for loan Home library Current library Shelving location Date acquired Cost, normal purchase price Total Checkouts Full call number Barcode Date last seen Cost, replacement price Price effective from Koha item type Purchase Price
    Dewey Decimal Classification     IIA Library-Bangalore IIA Library-Kodaikanal General Stacks 15/12/1970 241.50   629.19/ MAN 4073 05/11/2021 241.50 15/12/1970 Books Rs. 241.50

Powered by Koha